000 00404nam a2200145Ia 4500
008 221030s9999 xx 000 0 und d
020 _a9380386737
041 _aEnglish
100 _aD. K. Chaturvedi
245 0 _aElectrical Machines : Lab Manual with MATLAB Programs
_cby D. K. Chaturvedi
260 _bUniversities Science Press
_aNew Delhi
_c2014
300 _a286
650 _aBB EE
942 _cBK
999 _c15307
_d15307